000 00669nam a22001937a 4500
005 20100726144838.0
010 _aENG-96854
020 _a9789380024790
_c110.00
035 _aEN-80387
037 _bDBAD/PUB
082 _a005.2762
100 _aKumar, S
_91522
245 _aInternet and java /
_cby S. Kumar
260 _aErode
_bPallavipathippagam South India
_c2009
270 _a194, Kanna Complex, Merrur Road, Erode-11
_bErode
300 _a174p.
_c21cm (pbk)
942 _2ddc
_cEN
_h005.2762
_mKUM
999 _c37755
_d37755